000 00498nam a2200181Ia 4500
003 IN-BaIIA
008 211028s9999 xx 000 0 eng d
020 _a978-3-527-40991-4
040 _cIIA Library
080 _a524.6
_bBOS
100 _aBoselli, Alessandro
_935135
245 2 _aA Panchromatic view of galaxies
_cAlessandro Boselli
260 _aWeinheim
_bWiley-VCH Verlag Gmbh
_c2012
300 _axv, 324p.
650 _aGalaxies
_91286
650 _aGalaxy evolution
_96225
942 _cBK
999 _c18336
_d18336